Did You Know That There's A Tunnel Under Ocean Blvd-Album(Lana DelRey) - Statistics

General Stats
  • This quiz has been taken 46 times
  • The average score is 14 of 16
Answer Stats
Hint Answer % Correct
2. (A) Did you know that there's a tunnel under Ocean Blvd
100%
13.(Feat. Bleachers) Margaret
100%
16. Taco Truck X VB
100%
11. (A) Grandfather please stand on the shoulders of my father while he's deep-sea fishing
91%
12.(Feat. Father John Misty) Let The Light In
91%
1. The Grants
91%
4. A&W
87%
9. (Feat. SYML) Paris, Texas
87%
3. Sweet
87%
6. (Feat. Jon Batiste) Candy Necklace
83%
10. Fingertips
83%
14. Fishtail
83%
7. (Interlude) Jon Batiste Interlude
83%
5. (Interlude) Judah Smith Interlude
83%
15. (Feat. Tommy Genesis) Peppers
83%
8. Kintsugi
78%
No matching quizzes found
Score Distribution
Percent of People with Each Score
Percentile by Number Answered
Your Score History
You have not taken this quiz